00742nam a2200229 u 450000100070000000500170000700800410002403500110006503500210007604000130009704100080011008200080011810000390012624501320016526000320029730000180032965000450034765000330039265000580042594200120048399900170049525289920231214085425.0980727s1976 spa  a252899 a(OCoLC)777720055 ccomduadb aspa 4a02710aAlbertus, Ursula4auteaut949470110aAnalisis de la situacion actual del servicio bibliotecario de la Universidad de Guanajuato y recomendaciones para su desarrollo aMéxico :bConacyt,c1976. a105 páginas 7aBibliotecas universitarias2lemb9185262 aGuanajuato (México)921866 aAdministración de bibliotecas universitarias924403 cBOOKn0 c94948d94948